000 00732nam a22002297a 4500
003 OSt
005 20251124154615.0
008 251124b |||||||| |||| 00| 0 eng d
020 _a0-07-241376-X.
040 _aDWCL-Main lib
_cOC
082 _aCirc. 428.4 M427 2005
100 _aMather, Peter
245 _aThe art of critical thinking :
_bbrushing up on your reading, thinking, and study skills
_cMather, Peter
260 _aBoston :
_bMcgraw-Hill,
_cc2005.
300 _axxviii, 559 pages :
_billustration ;
_c27 cm.
504 _aIncludes index.
650 _21. Critical Thinking.
650 _22. Reading (Higher Education).
650 _23. Study Skills.
700 _aMccarthy, Rita
942 _2ddc
_cBK-CIRC
_kCirc.
_n0
999 _c6126
_d6126